[Event "Titled Tuesday intern op 13th Feb Early"]
[Site "Chess.com INT"]
[Date "2024.02.13"]
[Round "2"]
[White "Bluebaum, Matthias"]
[Black "Kucza, Karol"]
[Result "1-0"]
[WhiteElo "2658"]
[BlackElo "2328"]
[PlyCount "65"]
[EventDate "2024.02.13"]
[EventType "swiss (blitz)"]
[EventRounds "11"]
[EventCountry "USA"]
[SourceTitle "CB08_2024"]
[SourceDate "2024.02.21"]
[SourceVersion "1"]
[SourceVersionDate "2024.02.21"]
[SourceQuality "1"]

1. d4 d5 2. c4 e6 3. Nc3 c6 4. Nf3 Nf6 5. Qc2 dxc4 6. e4 b5 7. Be2 Bb7 8. 0-0 Nbd7 9. b3 b4 10. e5 Nd5 11. Bg5 Qb6 12. Na4 Qa5 13. bxc4 N5b6 14. Nxb6 axb6 15. Nd2 h6 16. Bh4 c5 17. d5 exd5 18. e6 Nf6 19. Bxf6 gxf6 20. exf7+ Kxf7 21. Bh5+ Ke7 22. Rfe1+ Kd8 23. Qf5 Be7 24. Rxe7 Kxe7 25. Re1+ Kd8 26. Qxf6+ Kc7 27. Qe5+ Kd7 28. Bg4+ Kc6 29. cxd5+ Kb5 30. Be2+ Ka4 31. Bd1+ Kb5 32. Qe2+ c4 33. Qxc4# 1-0

[Event "Titled Tuesday intern op 13th Feb Late"]
[Site "Chess.com INT"]
[Date "2024.02.13"]
[Round "10"]
[White "Kucza, Karol"]
[Black "Andrews, Todd D"]
[Result "1-0"]
[WhiteElo "2328"]
[BlackElo "2135"]
[PlyCount "41"]
[EventDate "2024.02.13"]
[EventType "swiss (blitz)"]
[EventRounds "11"]
[EventCountry "USA"]
[SourceTitle "CB08_2024"]
[SourceDate "2024.02.21"]
[SourceVersion "1"]
[SourceVersionDate "2024.02.21"]
[SourceQuality "1"]

1. Nf3 Nf6 2. g3 b5 3. Bg2 Bb7 4. 0-0 e6 5. b3 d5 6. Bb2 Be7 7. d3 0-0 8. Nbd2 c5 9. c4 a6 10. cxd5 exd5 11. Rc1 Nbd7 12. Re1 Re8 13. e4 dxe4 14. Nxe4 Rc8 15. Nfg5 Nxe4 16. Nxe4 Qb6 17. Qg4 Bf8 18. Qxd7 Bc6 19. Nf6+ gxf6 20. Qg4+ Bg7 21. Bxf6 1-0

[Event "Titled Tuesday intern op 13th Feb Early"]
[Site "Chess.com INT"]
[Date "2024.02.13"]
[Round "8"]
[White "Kucza, Karol"]
[Black "Korol, Dimitry"]
[Result "0-1"]
[WhiteElo "2328"]
[BlackElo "2287"]
[PlyCount "50"]
[EventDate "2024.02.13"]
[EventType "swiss (blitz)"]
[EventRounds "11"]
[EventCountry "USA"]
[SourceTitle "CB08_2024"]
[SourceDate "2024.02.21"]
[SourceVersion "1"]
[SourceVersionDate "2024.02.21"]
[SourceQuality "1"]

1. Nf3 c5 2. e4 d6 3. d4 cxd4 4. Nxd4 Nf6 5. Nc3 g6 6. Be3 Bg7 7. f3 0-0 8. Qd2 Nc6 9. 0-0-0 d5 10. exd5 Nxd5 11. Nxc6 bxc6 12. Bd4 e5 13. Bc5 Be6 14. Ne4 Rb8 15. h4 f5 16. Ng5 e4 17. Bd4 e3 18. Qe1 Bxd4 19. Rxd4 Qb6 20. Nxe6 Qxb2+ 21. Kd1 Nc3+ 22. Qxc3 Qxc3 23. Bc4 Rb1+ 24. Ke2 Rxh1 25. Nxf8+ Kxf8 0-1

[Event "Krakow op-A 34th"]
[Site "Krakow"]
[Date "2024.01.02"]
[Round "6"]
[White "Eke, Salih"]
[Black "Kucza, Karol"]
[Result "1/2-1/2"]
[WhiteElo "2217"]
[BlackElo "2343"]
[PlyCount "70"]
[EventDate "2023.12.27"]
[EventType "swiss"]
[EventRounds "9"]
[EventCountry "POL"]
[SourceTitle "CB02_2024"]
[SourceDate "2024.01.10"]
[SourceVersion "1"]
[SourceVersionDate "2024.01.10"]
[SourceQuality "1"]

1. d4 d5 2. Bf4 Nf6 3. e3 e6 4. c3 Bd6 5. Bg3 0-0 6. Nd2 c5 7. Bd3 b6 8. Ngf3 Ba6 9. Bxa6 Nxa6 10. Ne5 Bxe5 11. Bxe5 Nb8 12. 0-0 Nc6 13. Bg3 Qe7 14. f4 Ne8 15. Nf3 Nd6 16. Bh4 Qd7 17. Ne5 Nxe5 18. fxe5 Ne4 19. Qg4 Kh8 20. Rf3 f5 21. exf6 gxf6 22. Raf1 f5 23. Qf4 Qg7 24. Rh3 Rae8 25. Bg3 e5 26. dxe5 Nxg3 27. Rxg3 Qxe5 28. Qxe5+ Rxe5 29. Rf4 Rg8 30. Rgf3 Rg5 31. Kf2 Kg7 32. h3 Kf6 33. h4 Rh5 34. g3 Ke6 35. c4 Rh6 1/2-1/2

[Event "Krakow op-A 34th"]
[Site "Krakow"]
[Date "2023.12.31"]
[Round "5"]
[White "Kucza, Karol"]
[Black "Balint, Peter1"]
[Result "0-1"]
[WhiteElo "2343"]
[BlackElo "2187"]
[PlyCount "70"]
[EventDate "2023.12.27"]
[EventType "swiss"]
[EventRounds "9"]
[EventCountry "POL"]
[SourceTitle "CB02_2024"]
[SourceDate "2024.01.10"]
[SourceVersion "1"]
[SourceVersionDate "2024.01.10"]
[SourceQuality "1"]

1. e4 e5 2. Nf3 Nc6 3. Bb5 a6 4. Ba4 Nf6 5. 0-0 Be7 6. Re1 b5 7. Bb3 0-0 8. c3 d5 9. exd5 Nxd5 10. Nxe5 Nxe5 11. Rxe5 Bb7 12. Qf3 Bd6 13. Bxd5 c6 14. Re1 cxd5 15. d4 Qc7 16. g3 Rae8 17. Rxe8 Rxe8 18. Be3 b4 19. a3 a5 20. axb4 axb4 21. Kg2 Bc8 22. cxb4 Bxb4 23. Bd2 Bf8 24. Bc3 Be6 25. Nd2 Qd7 26. Nf1 Bg4 27. Qd3 Be2 28. Qd2 Qg4 29. Qf4 Qh5 30. Ne3 Bd3 31. Re1 f5 32. f3 g5 33. Qc7 g4 34. fxg4 fxg4 35. Qd7 Rxe3 0-1

[Event "Krakow op-A 34th"]
[Site "Krakow"]
[Date "2023.12.30"]
[Round "4"]
[White "Hryharovich, Aliaksei"]
[Black "Kucza, Karol"]
[Result "0-1"]
[WhiteElo "2195"]
[BlackElo "2343"]
[PlyCount "119"]
[EventDate "2023.12.27"]
[EventType "swiss"]
[EventRounds "9"]
[EventCountry "POL"]
[SourceTitle "CB02_2024"]
[SourceDate "2024.01.10"]
[SourceVersion "1"]
[SourceVersionDate "2024.01.10"]
[SourceQuality "1"]

1. d4 d5 2. c4 e6 3. Nf3 Nf6 4. Nc3 c6 5. g3 Nbd7 6. Bg2 dxc4 7. 0-0 b5 8. e4 b4 9. e5 Nd5 10. Ne4 N7b6 11. Re1 a5 12. Qc2 Qc7 13. Nfd2 Ba6 14. Nc5 Bxc5 15. dxc5 Nd7 16. Nxc4 Bxc4 17. Qxc4 0-0 18. Qd4 Rfb8 19. Bd2 Rb5 20. Rac1 Qa7 21. Be3 Rd8 22. Bxd5 exd5 23. Bg5 Re8 24. Qg4 Nf8 25. h4 Rxc5 26. h5 Ne6 27. h6 Rxc1 28. Rxc1 c5 29. hxg7 c4 30. Bf6 Rc8 31. Kg2 Qd4 32. Qf5 Qe4+ 33. Qxe4 dxe4 34. Kf1 Nxg7 35. Ke2 Nf5 36. g4 Nh6 37. f3 exf3+ 38. Kxf3 c3 39. bxc3 Rxc3+ 40. Rxc3 bxc3 41. e6 fxe6 42. Bxc3 a4 43. g5 Nf5 44. Kf4 Kf7 45. Ke5 Nh4 46. Kf4 Kg6 47. Bd2 Kh5 48. Bc1 Ng6+ 49. Kg3 Ne5 50. Be3 Nf7 51. Kf4 Nxg5 52. Ke5 Kg6 53. Kd4 Kf5 54. Kc4 h5 55. Bf2 Ne4 56. Bg1 h4 57. Kb4 Nd2 58. Kxa4 Nf3 59. Bf2 h3 60. Bg3 0-1

[Event "Krakow op-A 34th"]
[Site "Krakow"]
[Date "2023.12.27"]
[Round "1"]
[White "Kucza, Karol"]
[Black "Gorkiewicz, Mateusz"]
[Result "1/2-1/2"]
[WhiteElo "2343"]
[BlackElo "2147"]
[PlyCount "66"]
[EventDate "2023.12.27"]
[EventType "swiss"]
[EventRounds "9"]
[EventCountry "POL"]
[SourceTitle "CB02_2024"]
[SourceDate "2024.01.10"]
[SourceVersion "1"]
[SourceVersionDate "2024.01.10"]
[SourceQuality "1"]

1. e4 e5 2. Nf3 Nc6 3. Bb5 a6 4. Ba4 Nf6 5. 0-0 Nxe4 6. d4 b5 7. Bb3 d5 8. dxe5 Be6 9. Qe2 Be7 10. Rd1 0-0 11. c4 bxc4 12. Bxc4 Bc5 13. Be3 Bxe3 14. Qxe3 Qb8 15. Bb3 Na5 16. Nbd2 Nxb3 17. Nxb3 c5 18. Nxc5 Nxc5 19. Qxc5 Qxb2 20. Rdb1 Qe2 21. Re1 Qb2 22. Reb1 Qe2 23. Qe3 Qxe3 24. fxe3 Rfe8 25. Rb4 Bf5 26. Rc1 Be4 27. Rc7 Bxf3 28. gxf3 Rxe5 29. Rbb7 Rf8 30. Kf2 Rh5 31. Kg3 Rg5+ 32. Kf2 Rh5 33. Kg3 Rg5+ 1/2-1/2

[Event "Titled Tuesday intern op 26th Sep Early"]
[Site "Chess.com INT"]
[Date "2023.09.26"]
[Round "4"]
[White "Kucza, Karol"]
[Black "Lopez Silva, Hugo Andres"]
[Result "1-0"]
[WhiteElo "2343"]
[BlackElo "2413"]
[PlyCount "49"]
[EventDate "2023.09.26"]
[EventType "swiss (blitz)"]
[EventRounds "11"]
[EventCountry "USA"]
[SourceTitle "EXT 2024"]
[Source "ChessBase"]
[SourceDate "2023.10.10"]
[SourceVersion "1"]
[SourceVersionDate "2023.10.10"]
[SourceQuality "1"]

1. e4 e5 2. Nf3 Nc6 3. Bb5 a6 4. Ba4 Nge7 5. Nc3 g6 6. d4 exd4 7. Nd5 Bg7 8. Bg5 h6 9. Bf6 Kf8 10. Nxd4 Bxf6 11. Nxf6 Nf5 12. exf5 Qxf6 13. Bxc6 dxc6 14. fxg6 Rg8 15. Qd2 Rxg6 16. 0-0-0 Rxg2 17. Qb4+ Kg7 18. Rhg1 Rg6 19. Qc3 Bg4 20. f3 Bh3 21. f4 Bg4 22. f5 Rg5 23. Ne6+ fxe6 24. Rd7+ Kg8 25. Qxf6 1-0

[Event "Titled Tuesday intern op 12th Sep Early"]
[Site "Chess.com INT"]
[Date "2023.09.12"]
[Round "10"]
[White "Kucza, Karol"]
[Black "Avazkhonov, Alikhon"]
[Result "1-0"]
[WhiteElo "2343"]
[BlackElo "1538"]
[PlyCount "87"]
[EventDate "2023.09.12"]
[EventType "swiss (blitz)"]
[EventRounds "11"]
[EventCountry "USA"]
[SourceTitle "EXT 2024"]
[Source "ChessBase"]
[SourceDate "2023.10.10"]
[SourceVersion "1"]
[SourceVersionDate "2023.10.10"]
[SourceQuality "1"]

1. e4 c5 2. Nf3 d6 3. d4 cxd4 4. Nxd4 Nf6 5. Nc3 a6 6. Bg5 e6 7. f4 h6 8. Bh4 Be7 9. Qf3 Nbd7 10. 0-0-0 Qc7 11. Be2 b5 12. Bxf6 Nxf6 13. e5 Bb7 14. Qg3 dxe5 15. fxe5 Ne4 16. Nxe6 Qxc3 17. Nxg7+ Kf8 18. Ne6+ Ke8 19. Qxc3 Nxc3 20. Nc7+ Kf8 21. bxc3 Rc8 22. Nd5 Ba3+ 23. Kb1 Bxd5 24. Rxd5 Rxc3 25. Rf1 Ke7 26. Bh5 Rf8 27. Rd3 Rxd3 28. cxd3 Ke6 29. d4 Kd5 30. Rf4 Rc8 31. Bxf7+ Kc6 32. Be6 Rc7 33. Kc2 Kb6+ 34. Kd3 b4 35. Bc4 Rg7 36. Rf6+ Kc7 37. g3 Rd7 38. Rxa6 Kb7 39. Rxh6 Bb2 40. Rd6 Rxd6 41. exd6 Kc6 42. Ke4 Kxd6 43. h4 Bc1 44. g4 1-0

[Event "Titled Tuesday intern op 12th Sep Early"]
[Site "Chess.com INT"]
[Date "2023.09.12"]
[Round "2"]
[White "Kucza, Karol"]
[Black "Lagarde, Maxime"]
[Result "0-1"]
[WhiteElo "2343"]
[BlackElo "2607"]
[PlyCount "124"]
[EventDate "2023.09.12"]
[EventType "swiss (blitz)"]
[EventRounds "11"]
[EventCountry "USA"]
[SourceTitle "EXT 2024"]
[Source "ChessBase"]
[SourceDate "2023.10.10"]
[SourceVersion "1"]
[SourceVersionDate "2023.10.10"]
[SourceQuality "1"]

1. e4 e5 2. Nf3 Nc6 3. Bb5 a6 4. Ba4 Nf6 5. 0-0 Be7 6. Re1 b5 7. Bb3 0-0 8. c3 d6 9. h3 Nb8 10. d4 Nbd7 11. Nbd2 Bb7 12. Bc2 c5 13. d5 c4 14. Nf1 Re8 15. Ng3 Bf8 16. Be3 Nc5 17. b4 cxb3 18. axb3 a5 19. b4 axb4 20. cxb4 Ncd7 21. Qe2 Qc7 22. Bd3 Ra4 23. Rab1 Rea8 24. Rec1 Qb8 25. Bxb5 Ra2 26. Qc4 g6 27. Bc6 Be7 28. b5 R8a4 29. Qb3 R2a3 30. Qc2 Bd8 31. Bxb7 Qxb7 32. Qc8 Qxc8 33. Rxc8 Ra8 34. Rxa8 Rxa8 35. b6 Rb8 36. b7 Bb6 37. Rxb6 Nxb6 38. Bxb6 Rxb7 39. Be3 Rb4 40. Nd2 Nd7 41. Kf1 f6 42. Ke2 Kf7 43. Kd3 Ke7 44. Ne2 f5 45. f3 Nf6 46. Bg5 Kf7 47. Bxf6 Kxf6 48. Nc4 Ke7 49. exf5 gxf5 50. Ng3 e4+ 51. fxe4 Rb3+ 52. Kd4 Rxg3 53. exf5 Rxg2 54. f6+ Kd7 55. Nb6+ Kc7 56. Nc4 Rf2 57. Ke4 Rxf6 58. Ne3 Rh6 59. Kf5 Rxh3 60. Ng4 h5 61. Nh6 Rd3 62. Ke6 Re3+ 0-1

[Event "Titled Tuesday intern op 12th Sep Early"]
[Site "Chess.com INT"]
[Date "2023.09.12"]
[Round "6"]
[White "Kucza, Karol"]
[Black "Puranik, Abhimanyu Sameer"]
[Result "0-1"]
[WhiteElo "2343"]
[BlackElo "2611"]
[PlyCount "116"]
[EventDate "2023.09.12"]
[EventType "swiss (blitz)"]
[EventRounds "11"]
[EventCountry "USA"]
[SourceTitle "EXT 2024"]
[Source "ChessBase"]
[SourceDate "2023.10.10"]
[SourceVersion "1"]
[SourceVersionDate "2023.10.10"]
[SourceQuality "1"]

1. e4 e5 2. Nf3 Nc6 3. Bb5 a6 4. Ba4 Nf6 5. 0-0 b5 6. Bb3 Bb7 7. d3 Be7 8. a3 0-0 9. Nc3 Nd4 10. Nxd4 exd4 11. Ne2 c5 12. Ng3 d5 13. exd5 Nxd5 14. Re1 Rc8 15. Nf5 Bf6 16. Qg4 c4 17. Ba2 g6 18. Bh6 Kh8 19. Ng3 Re8 20. Ne4 Bg7 21. Bxg7+ Kxg7 22. Qg3 f5 23. Nd6 Rxe1+ 24. Rxe1 f4 25. Nxb7 Qe8 26. Rxe8 Rxe8 27. Kf1 fxg3 28. hxg3 Rf8 29. Ke2 Nb6 30. Nc5 Re8+ 31. Kd2 a5 32. dxc4 bxc4 33. f3 Re5 34. Ne4 Rb5 35. b3 a4 36. b4 Re5 37. c3 d3 38. Ke3 g5 39. g4 Nd5+ 40. Kd2 Nb6 41. Ke3 h6 42. Kd2 Re7 43. Ke3 Kf7 44. Kd2 Ke6 45. Ke3 Ke5 46. Kd2 Kf4 47. Bb1 Rxe4 48. fxe4 Kxe4 49. Ba2 Kf4 50. Bxc4 Nxc4+ 51. Kxd3 Nxa3 52. Kd4 Nb5+ 53. Kc4 Kxg4 54. Kxb5 a3 55. c4 a2 56. c5 a1Q 57. c6 Qc3 58. Kb6 Qxb4+ 0-1

[Event "Titled Tuesday intern op 12th Sep Late"]
[Site "Chess.com INT"]
[Date "2023.09.12"]
[Round "10"]
[White "Sroczynski, Maciej"]
[Black "Kucza, Karol"]
[Result "0-1"]
[WhiteElo "2271"]
[BlackElo "2343"]
[PlyCount "82"]
[EventDate "2023.09.12"]
[EventType "swiss (blitz)"]
[EventRounds "11"]
[EventCountry "USA"]
[SourceTitle "EXT 2024"]
[Source "ChessBase"]
[SourceDate "2023.10.10"]
[SourceVersion "1"]
[SourceVersionDate "2023.10.10"]
[SourceQuality "1"]

1. Nf3 d5 2. g3 Nf6 3. Bg2 c6 4. 0-0 Bg4 5. d3 Nbd7 6. Nbd2 e6 7. e4 dxe4 8. dxe4 Be7 9. h3 Bxf3 10. Qxf3 0-0 11. Qe2 a5 12. e5 Nd5 13. c4 Nb4 14. Nf3 Nc5 15. Rd1 Qc7 16. a3 Nb3 17. Rb1 Nxc1 18. Rbxc1 Na6 19. Rd2 a4 20. Rcd1 Rad8 21. h4 Nc5 22. h5 Nb3 23. Rd3 Rxd3 24. Qxd3 Rd8 25. Qe2 Rxd1+ 26. Qxd1 Qd8 27. Qxd8+ Bxd8 28. Kf1 Bb6 29. Ke2 Nd4+ 30. Ke1 Nxf3+ 31. Bxf3 Bd4 32. Bd1 Bxe5 33. Bxa4 Bxb2 34. Ke2 Bxa3 35. Kd3 Bc5 36. f3 f5 37. g4 Kf7 38. Bc2 Kf6 39. Ke2 Kg5 40. gxf5 exf5 41. h6 g6 0-1

[Event "Titled Tuesday intern op 05th Sep Late"]
[Site "Chess.com INT"]
[Date "2023.09.05"]
[Round "3"]
[White "Doluhanova, Evgeniya"]
[Black "Kucza, Karol"]
[Result "0-1"]
[WhiteElo "2230"]
[BlackElo "2343"]
[PlyCount "50"]
[EventDate "2023.09.05"]
[EventType "swiss (blitz)"]
[EventRounds "11"]
[EventCountry "USA"]
[SourceTitle "EXT 2024"]
[Source "ChessBase"]
[SourceDate "2023.10.10"]
[SourceVersion "1"]
[SourceVersionDate "2023.10.10"]
[SourceQuality "1"]

1. e4 e5 2. Nf3 Nc6 3. Bb5 a6 4. Ba4 Nf6 5. 0-0 Nxe4 6. Re1 Nc5 7. Bxc6 dxc6 8. d4 Ne6 9. Nxe5 Be7 10. c3 0-0 11. Nd2 c5 12. Ndf3 cxd4 13. cxd4 Qd5 14. Bd2 b6 15. b3 Bb7 16. Rc1 Nxd4 17. Rxc7 Bd6 18. Rd7 Nxf3+ 19. gxf3 Bc8 20. Rxd6 Qxd6 21. Bc3 Qxd1 22. Rxd1 Be6 23. f4 Rfd8 24. Rxd8+ Rxd8 25. Bb4 a5 0-1

[Event "Titled Tuesday intern op 05th Sep Late"]
[Site "Chess.com INT"]
[Date "2023.09.05"]
[Round "4"]
[White "Kucza, Karol"]
[Black "Mao, Fengxi"]
[Result "1/2-1/2"]
[WhiteElo "2343"]
[BlackElo "2118"]
[PlyCount "196"]
[EventDate "2023.09.05"]
[EventType "swiss (blitz)"]
[EventRounds "11"]
[EventCountry "USA"]
[SourceTitle "EXT 2024"]
[Source "ChessBase"]
[SourceDate "2023.10.10"]
[SourceVersion "1"]
[SourceVersionDate "2023.10.10"]
[SourceQuality "1"]

1. e4 c5 2. Nf3 Nc6 3. d4 cxd4 4. Nxd4 g6 5. Nc3 Bg7 6. Be3 Nf6 7. Nxc6 bxc6 8. e5 Ng8 9. Bd4 Qa5 10. Bc4 Bxe5 11. 0-0 f6 12. Bxe5 fxe5 13. Bxg8 Rxg8 14. Re1 d6 15. Ne4 Bd7 16. c4 c5 17. Nxd6+ exd6 18. Qxd6 0-0-0 19. Rxe5 Qb6 20. Qxc5+ Qxc5 21. Rxc5+ Kb7 22. Re1 Rge8 23. Kf1 Bc6 24. f3 Kb6 25. b4 Ba4 26. Rxe8 Rxe8 27. Rd5 Re3 28. Rd6+ Kb7 29. b5 Ra3 30. Rd7+ Kb6 31. Rxh7 Rxa2 32. Rg7 Bc2 33. h4 Bd3+ 34. Kg1 Kc5 35. Rc7+ Kd4 36. c5 Bxb5 37. c6 Ra6 38. g4 Bxc6 39. Kf2 Bd5 40. h5 gxh5 41. gxh5 Ra3 42. f4 Rf3+ 43. Ke2 a5 44. h6 Rxf4 45. h7 Rh4 46. Ra7 Bc4+ 47. Kf3 Bd3 48. Rxa5 Rxh7 49. Ra8 Bc4 50. Kf2 Rf7+ 51. Kg3 Bd5 52. Rd8 Ke4 53. Re8+ Kd4 54. Rb8 Ke5 55. Rb2 Be4 56. Re2 Rg7+ 57. Kf2 Kf4 58. Re1 Rg2+ 59. Kf1 Ra2 60. Rc1 Kg3 61. Rc3+ Bf3 62. Ke1 Ra1+ 63. Kd2 Rd1+ 64. Kc2 Rd7 65. Rc5 Kf4 66. Kc3 Ke3 67. Rc8 Be4 68. Re8 Rc7+ 69. Kb2 Kd4 70. Rd8+ Bd5 71. Rd6 Rb7+ 72. Kc2 Ke4 73. Rd8 Rc7+ 74. Kd2 Rh7 75. Kc3 Rh3+ 76. Kb4 Rh6 77. Kc3 Rc6+ 78. Kd2 Kd4 79. Ke2 Ra6 80. Kf2 Ke4 81. Re8+ Kf4 82. Rf8+ Ke5 83. Re8+ Be6 84. Ke3 Ra3+ 85. Kd2 Kd5 86. Rd8+ Ke4 87. Kc2 Ra2+ 88. Kc3 Ra4 89. Kd2 Bd5 90. Kc3 Ra3+ 91. Kd2 Rd3+ 92. Ke2 Re3+ 93. Kd2 Rh3 94. Re8+ Kd4 95. Rd8 Rh2+ 96. Kc1 Kc3 97. Kd1 Bc4 98. Ke1 Rg2 1/2-1/2

[Event "Titled Tuesday intern op 22nd Aug Late"]
[Site "Chess.com INT"]
[Date "2023.08.22"]
[Round "2"]
[White "Ozalp, Burak"]
[Black "Kucza, Karol"]
[Result "0-1"]
[WhiteElo "2183"]
[BlackElo "2343"]
[PlyCount "64"]
[EventDate "2023.08.22"]
[EventType "swiss (blitz)"]
[EventRounds "11"]
[EventCountry "USA"]
[SourceTitle "EXT 2024"]
[Source "ChessBase"]
[SourceDate "2023.10.10"]
[SourceVersion "1"]
[SourceVersionDate "2023.10.10"]
[SourceQuality "1"]

1. e4 e5 2. Nc3 Nf6 3. g3 d5 4. exd5 Nxd5 5. Bg2 Nxc3 6. bxc3 Bd6 7. Nf3 0-0 8. d3 f5 9. 0-0 Nc6 10. Rb1 f4 11. Nd2 Bc5 12. Ne4 Bb6 13. Ba3 Rf7 14. Qh5 Bf5 15. Ng5 Bg6 16. Qh4 Rf5 17. Nf3 Qd5 18. Nd4 f3 19. Nxf3 Rxf3 20. c4 Qf7 21. Bxf3 Qxf3 22. c5 Nd4 23. Rfe1 Ba5 24. Rxe5 Ne2+ 25. Kf1 Nc3 26. Qc4+ Kh8 27. Kg1 Nxb1 28. c6 Bb6 29. d4 Qxc6 30. Qe2 Nxa3 31. h4 Qxc2 32. Qe3 Nc4 0-1

[Event "Titled Tuesday intern op 08th Aug Late"]
[Site "Chess.com INT"]
[Date "2023.08.08"]
[Round "2"]
[White "Kucza, Karol"]
[Black "Andreikin, Dmitry"]
[Result "0-1"]
[WhiteElo "2343"]
[BlackElo "2729"]
[PlyCount "98"]
[EventDate "2023.08.08"]
[EventType "swiss (blitz)"]
[EventRounds "11"]
[EventCountry "USA"]
[SourceTitle "EXT 2024"]
[Source "ChessBase"]
[SourceDate "2023.10.10"]
[SourceVersion "1"]
[SourceVersionDate "2023.10.10"]
[SourceQuality "1"]

1. e4 c5 2. Nf3 e6 3. d4 cxd4 4. Nxd4 Nc6 5. Nc3 a6 6. Be3 Nf6 7. Nxc6 bxc6 8. e5 Nd5 9. Nxd5 cxd5 10. Bd4 Be7 11. Qd2 0-0 12. Bd3 a5 13. 0-0 Ba6 14. Bxa6 Rxa6 15. a4 Qc7 16. Rfc1 Rb8 17. b3 Rc6 18. h3 h6 19. Qd3 Bg5 20. Rf1 Rxc2 21. f4 Be7 22. f5 Bc5 23. Kh1 Bxd4 24. Qxd4 Rxb3 25. f6 Qc4 26. Qd1 Qe4 27. Qg4 Qxg4 28. hxg4 Rg3 29. Rfc1 Rgxg2 30. Rxc2 Rxc2 31. Rb1 gxf6 32. exf6 Rc4 33. Rb7 Rxa4 34. Rxd7 Rxg4 35. Kh2 Rg6 36. Ra7 Rxf6 37. Kg3 Rg6+ 38. Kf4 Rf6+ 39. Ke5 Rf5+ 40. Kd6 h5 41. Rxa5 d4 42. Ra1 Kf8 43. Ra8+ Kg7 44. Ke7 d3 45. Ra1 d2 46. Rg1+ Kh6 47. Kf8 h4 48. Ke7 Rd5 49. Rd1 Kg6 0-1

[Event "Titled Tuesday intern op 18th Jul Late"]
[Site "Chess.com INT"]
[Date "2023.07.18"]
[Round "11"]
[White "Feliz Dotel, Dewar Bienvenido"]
[Black "Kucza, Karol"]
[Result "0-1"]
[WhiteElo "1984"]
[BlackElo "2345"]
[PlyCount "46"]
[EventDate "2023.07.18"]
[EventType "swiss (blitz)"]
[EventRounds "11"]
[EventCountry "USA"]
[SourceTitle "EXT 2024"]
[Source "ChessBase"]
[SourceDate "2023.10.10"]
[SourceVersion "1"]
[SourceVersionDate "2023.10.10"]
[SourceQuality "1"]

1. d4 d5 2. e3 Nf6 3. Nf3 c6 4. c4 e6 5. Be2 Nbd7 6. 0-0 Bd6 7. Nc3 0-0 8. Qc2 b6 9. Re1 Bb7 10. Rb1 c5 11. dxc5 Nxc5 12. b4 Nce4 13. c5 Be7 14. Nd4 Rc8 15. Ba3 bxc5 16. bxc5 Bxc5 17. Nxe4 Nxe4 18. Rxb7 Bxa3 19. Qa4 Bc5 20. Ba6 Bxd4 21. Qxd4 Nc5 22. Rxa7 Qb6 23. Bxc8 Qxa7 0-1

[Event "Titled Tuesday intern op 11th Jul Early"]
[Site "Chess.com INT"]
[Date "2023.07.11"]
[Round "5"]
[White "Hajiyev, Kanan"]
[Black "Kucza, Karol"]
[Result "0-1"]
[WhiteElo "2164"]
[BlackElo "2345"]
[PlyCount "74"]
[EventDate "2023.07.11"]
[EventType "swiss (blitz)"]
[EventRounds "11"]
[EventCountry "USA"]
[SourceTitle "EXT 2024"]
[Source "ChessBase"]
[SourceDate "2023.10.10"]
[SourceVersion "1"]
[SourceVersionDate "2023.10.10"]
[SourceQuality "1"]

1. d4 d5 2. c4 c6 3. cxd5 cxd5 4. Nc3 Nf6 5. Nf3 Nc6 6. Bg5 Ne4 7. Bf4 Bf5 8. Qb3 Nxc3 9. bxc3 Na5 10. Qb5+ Bd7 11. Qb2 e6 12. e3 Rc8 13. Nd2 Be7 14. Bd3 0-0 15. 0-0 b6 16. Rfc1 Bc6 17. Ba6 Bb7 18. Bxb7 Nxb7 19. c4 dxc4 20. Nxc4 Qd5 21. Ne5 f6 22. Nf3 Bd6 23. Bg3 Bxg3 24. hxg3 Nd6 25. a4 Rc4 26. Rxc4 Nxc4 27. Qb4 Nd6 28. Rc1 Rc8 29. Rxc8+ Nxc8 30. Qc3 Qd7 31. Qc4 Nd6 32. Qb4 Kf7 33. Nd2 Qc6 34. Qb1 Qxa4 35. Qxh7 Qd1+ 36. Nf1 a5 37. Qh5+ Qxh5 0-1

[Event "Titled Tuesday intern op 11th Jul Early"]
[Site "Chess.com INT"]
[Date "2023.07.11"]
[Round "6"]
[White "Kucza, Karol"]
[Black "Fiorito, Francisco"]
[Result "1-0"]
[WhiteElo "2345"]
[BlackElo "2298"]
[PlyCount "85"]
[EventDate "2023.07.11"]
[EventType "swiss (blitz)"]
[EventRounds "11"]
[EventCountry "USA"]
[SourceTitle "EXT 2024"]
[Source "ChessBase"]
[SourceDate "2023.10.10"]
[SourceVersion "1"]
[SourceVersionDate "2023.10.10"]
[SourceQuality "1"]

1. e4 c5 2. Nf3 Nc6 3. d4 cxd4 4. Nxd4 g6 5. Nc3 Bg7 6. Be3 Nf6 7. Nxc6 bxc6 8. e5 Ng8 9. Bd4 Qa5 10. f4 f6 11. Qd2 Nh6 12. exf6 exf6 13. Bc4 d5 14. 0-0-0 Kf7 15. Nxd5 Qxd2+ 16. Rxd2 cxd5 17. Bxd5+ Be6 18. Bxa8 Rxa8 19. Re1 Nf5 20. Bf2 a5 21. a4 h5 22. Rd3 g5 23. fxg5 fxg5 24. Rf1 Bf6 25. Be1 g4 26. Bc3 Bg5+ 27. Bd2 Bf6 28. b3 h4 29. Bc3 Bg5+ 30. Kb2 Be7 31. Rd4 g3 32. hxg3 hxg3 33. Rdf4 Kg6 34. Rg4+ Kh5 35. Re4 Ra6 36. Rxe6 Rxe6 37. Rxf5+ Kg4 38. Rxa5 Re2 39. Re5 Rxe5 40. Bxe5 Bh4 41. a5 Kf5 42. a6 Kxe5 43. a7 1-0

[Event "Titled Tuesday intern op 11th Jul Early"]
[Site "Chess.com INT"]
[Date "2023.07.11"]
[Round "11"]
[White "Pham, Le Thao Nguyen"]
[Black "Kucza, Karol"]
[Result "1-0"]
[WhiteElo "2369"]
[BlackElo "2345"]
[PlyCount "125"]
[EventDate "2023.07.11"]
[EventType "swiss (blitz)"]
[EventRounds "11"]
[EventCountry "USA"]
[SourceTitle "EXT 2024"]
[Source "ChessBase"]
[SourceDate "2023.10.10"]
[SourceVersion "1"]
[SourceVersionDate "2023.10.10"]
[SourceQuality "1"]

1. d4 d5 2. c4 c6 3. Nf3 Nf6 4. e3 e6 5. Nbd2 Nbd7 6. b3 Bd6 7. Bb2 0-0 8. Bd3 b6 9. 0-0 Bb7 10. Qc2 c5 11. Ne5 Rc8 12. Rad1 cxd4 13. exd4 dxc4 14. bxc4 h6 15. f4 Qe7 16. Qa4 a6 17. Qb3 b5 18. c5 Bxe5 19. fxe5 Nd5 20. Ne4 Bc6 21. a3 Rb8 22. Bb1 f5 23. exf6 N7xf6 24. Nd6 a5 25. Qd3 b4 26. axb4 Nxb4 27. Qg6 Nbd5 28. Bc1 Rxb1 29. Qxb1 Nc3 30. Qg6 Nxd1 31. Rxd1 Kh8 32. Rf1 Nh7 33. Nf7+ Kg8 34. Nxh6+ Kh8 35. Nf7+ Kg8 36. Nh6+ Kh8 37. Rxf8+ Nxf8 38. Qf7 Qxf7 39. Nxf7+ Kg8 40. Ne5 Bd5 41. c6 a4 42. Ba3 g5 43. g4 Kg7 44. c7 Bb7 45. Kf2 Ng6 46. Nd7 Nf4 47. Nb6 Nd5 48. c8Q Bxc8 49. Nxc8 Nc3 50. Nb6 Nb5 51. Nc4 Nxd4 52. Bb2 e5 53. Bxd4 exd4 54. Ke2 Kf6 55. Kd3 a3 56. Nxa3 Ke5 57. Nc4+ Kf4 58. h3 Kg3 59. Kxd4 Kxh3 60. Ne5 Kg3 61. Ke4 Kh3 62. Kf5 Kh4 63. Nf7 1-0